Online
Catalog

27 de febrero de 1844 : (Record no. 8329)

MARC details
000 -CABECERA
campo de control de longitud fija 01119nam a2200253 a 4500
001 - NÚMERO DE CONTROL
campo de control 000008559
005 - FECHA Y HORA DE LA ÚLTIMA TRANSACCIÓN
campo de control 20240306073904.0
008 - DATOS DE LONGITUD FIJA--INFORMACIÓN GENERAL
campo de control de longitud fija 090917s1999 dr r 001 0 spa d
040 ## - FUENTE DE LA CATALOGACIÓN
Centro catalogador/agencia de origen DO-SdBNP
Lengua de catalogación spa
Centro/agencia transcriptor BNPHU
082 ## - NÚMERO DE LA CLASIFICACIÓN DECIMAL DEWEY
Número de clasificación 972.9304
Número de documento/Ítem G216v, 1999
100 1# - ENTRADA PRINCIPAL--NOMBRE DE PERSONA
Nombre de persona García Lluberes, Alcides
Fechas asociadas al nombre 1889-1967
9 (RLIN) 22941
245 10 - MENCIÓN DE TÍTULO
Título 27 de febrero de 1844 :
Resto del título tres ensayos /
Mención de responsabilidad, etc. Alcides García Lluberes, Leonidas García Lluberes, Vetilo Alfau Durán ; prólogo Jaime de Jesús Domínguez.
246 2# - FORMA VARIANTE DE TÍTULO
Título propio/Titulo breve Veintisiete de febrero de 1844
250 ## - MENCIÓN DE EDICIÓN
Mención de edición 2a ed.
260 ## - PUBLICACIÓN, DISTRIBUCIÓN, ETC.
Lugar de publicación, distribución, etc. Santo Domingo :
Nombre del editor, distribuidor, etc. Librería La Trinitaria,
Fecha de publicación, distribución, etc. 1999.
300 ## - DESCRIPCIÓN FÍSICA
Extensión 168 p. ;
Dimensiones 21 cm.
500 ## - NOTA GENERAL
Nota general Incluye datos biográficos de los autores en las página 157-168.
504 ## - NOTA DE BIBLIOGRAFÍA, ETC.
Nota de bibliografía, etc. Incluye referencias bibliográficas y notas al pie de las páginas
651 #4 - PUNTO DE ACCESO ADICIONAL DE MATERIA--NOMBRE GEOGRÁFICO
Nombre geográfico República Dominicana
Subdivisión general Historia
Subdivisión cronológica 1844-1930
Subdivisión de forma ENSAYOS, CONFERENCIAS, ETC.
9 (RLIN) 18262
700 12 - PUNTO DE ACCESO ADICIONAL--NOMBRE DE PERSONA
Nombre de persona García Lluberes, Leonidas,
Fechas asociadas al nombre 1882-1962.
9 (RLIN) 22942
700 12 - PUNTO DE ACCESO ADICIONAL--NOMBRE DE PERSONA
Nombre de persona Alfau Durán, Vetilio,
Fechas asociadas al nombre 1909-1985
9 (RLIN) 10091
700 12 - PUNTO DE ACCESO ADICIONAL--NOMBRE DE PERSONA
Nombre de persona Domínguez, Jaime de Jesús,
Término indicativo de función/relación pról.
9 (RLIN) 10482
910 ## - DATOS DE OPCIÓN DEL USUARIO (OCLC)
Datos de opción del usuario Validado. Control de calidad. MFF
Holdings
Estado de retiro Estado de pérdida Restricciones de uso No para préstamo Código de colección Localización permanente Ubicación/localización actual Ubicación en estantería Fecha de adquisición Número de inventario Total de préstamos Signatura topográfica completa Código de barras Fecha visto por última vez Número de copia Precio válido a partir de Tipo de ítem Koha
        Dominicana de Servicio General General Depósito 17.09.2009 LF1   972.9304 G216v, 1999 8559-30 25.06.2020 e. 3 25.06.2020 Libro y Folleto Colección Dominicana de Servicio
        Dominicana de Servicio General General Depósito 17.09.2009 LF1   972.9304 G216v, 1999 8559-40 25.06.2020 e. 4 25.06.2020 Libro y Folleto Colección Dominicana de Servicio
        Dominicana de Servicio General General Depósito 17.09.2009 LF1   972.9304 G216v, 1999 8559-50 25.06.2020 e. 5 25.06.2020 Libro y Folleto Colección Dominicana de Servicio
      Excluido de préstamo Patrimonio Dominicano Patrimonio Dominicano Patrimonio Dominicano Depósito 17.09.2009 LF1   972.9304 G216v, 1999 8559-10 25.06.2020   25.06.2020 Libro y Folleto Colección Patrimonio Dominicano
      Excluido de préstamo Patrimonio Dominicano Patrimonio Dominicano Patrimonio Dominicano Depósito 17.09.2009 LF1   972.9304 G216v, 1999 8559-20 25.06.2020 e. 2 25.06.2020 Libro y Folleto Colección Patrimonio Dominicano

Powered by Koha